000 00340nam a2200145Ia 4500
008 191201s2009 xx 000 0 und d
082 _a659
_bVES
100 _aVERMA,Harsh V
245 0 _aServices Marketing: Text and Cases
250 _a2nd IMP
260 _aN. Delhi
_bPearson
_c2009
300 _a470
650 _aBBA
942 _2ddc
_cBK
999 _c4450
_d4450